Clans of Vampire: The Masquerade - Statistics

General Stats
  • This quiz has been taken 106 times
  • The average score is 18 of 31
Answer Stats
Hint Answer % Correct
Mage Clan; Disciplines: Auspex, Dominate and Thaumaturgy. Tremere
99%
Aristocratic Clan; Disciplines: Dominate, Fortitude and Presence. Ventrue
99%
Animal Clan; Disciplines: Animalism, Fortitude and Protean. Gangrel
97%
Insane Clan; Disciplines: Auspex, Dementation and Obfuscate. Malkavian
95%
Hideous Clan; Disciplines: Animalism, Obfuscate and Potence. Nosferatu
95%
Rebel Clan; Disciplines: Celerity, Potence and Presence. Brujah
92%
Mafioso Clan; Disciplines: Dominate, Potence and Necromancy. Giovanni
92%
Beautiful Clan; Disciplines: Auspex, Celerity and Presence. Toreador
91%
'Shadowy' Clan; Disciplines: Dominate, Obtenebration and Potence. Lasombra
89%
Serpent Clan Disciplines: Obfuscate, Presence and Serpentis. Followers of Set
85%
Flesh Shaper Clan; Disciplines: Animalism, Auspex and Vicissitude. Tzimisce
85%
Gypsy Clan; Disciplines: Animalism, Chimerstry and Fortitude. Ravnos
84%
Assassin Clan; Disciplines: Celerity, Obfuscate and Quietus. Assamite
80%
'Soul Sucker' Clan; Disciplines: Auspex, Fortitude and Obeah/Valeren. Salubri
72%
Clanless; No specific disciplines. Caitiff
64%
Extinct Death Clan; Disciplines: Auspex, Fortitude and Mortis. Cappadocian
59%
Infernalist Bloodline; Disciplines: Daimoinon, Obfuscate and Presence. Baali
47%
Scholar Bloodline; Disciplines: Potence, Presence and Temporis. True Brujah
47%
Voodoo Bloodline; Disciplines: Fortitude, Obfuscate and Thanatosis. Samedi
43%
Indentured Bloodline; Disciplines: Flight, Fortitude, Potence and Visceratika. Gargoyle
42%
Frankenstein Bloodline; Disciplines: Fortitude, Potence and Sanguinus. Blood Brothers
41%
Faerie Bloodline; Disciplines: Dominate, Mytherceria and Obtenebration. Kiasyd
35%
Siren Bloodline; Disciplines: Fortitude, Melpominee and Presence. Daughters of Cacophony
34%
Gorgon Bloodline; Disciplines: Deimos/Fortitude, Mortis and Potence. Lamia
26%
African Kindred, formed by a number of 'Legacies'. Laibon
24%
Lazarene Bloodline; Disciplines: Auspex, Fortitude and Necromancy. Harbingers of Skulls
23%
Cat-like Bloodline; Disciplines: Animalism, Presence and Auspex/Spiritus. Ahrimanes
20%
Mongolian Bloodline; Disciplines: Animalism, Fortitude and Protean. Anda
20%
'Resurrected King' Bloodline; Disciplines: Bardo, Dominate and Potence. Children of Osiris
19%
Druidic Bloodline; Disciplines: Animalism, Ogham and Presence. Lhiannan
15%
Finnish Bloodline; Disciplines: Animalism, Fortitude and Protean. Noiad
14%
No matching quizzes found
Score Distribution
Percent of People with Each Score
Percentile by Number Answered
Your Score History
You have not taken this quiz